000 00540nam a2200205Ia 4500
003 GCL
008 140319s9999 xx 000 0 ara d
040 _aGCL /
_cGCL
082 0 4 _a813.08
_bا ا
100 1 _aاحمد محمد عطية
245 1 0 _aادب المعركة حرب 6 تشرين 73 /
_cاحمد محمد عطية
300 _a250 ص
490 _a
650 0 4 _aالادب العربى
650 0 4 _aمصر
650 0 4 _aتاريخ
650 0 4 _aالمعارك - قصص
650 0 4 _aمعركة73
942 _2ddc
_cBK
999 _c38493
_d38493